000 02516cam a22004574i 4500
003 PE-LiUPU
005 20250731173329.0
008 150625s1996 sp r 000 0 spa d
020 _a8481640786
035 _a(Sirsi) i9788481640786
040 _aPE-LiUPU
_bspa
_cPE-LiUPU
_erda
049 _aPRUA
082 0 4 _a222
_bR14
_221
100 1 _aRad, Gerhard von,
_eautor.
245 1 3 _aLa acción de Dios en Israel :
_bensayos sobre el Antiguo Testamento /
_cGerhard Von Rad.
264 1 _aMadrid :
_bTrotta,
_c1996.
300 _a293 páginas ;
_c23 centímetros
336 _atext
_2rdacontent
337 _aunmediated
_2rdamedia
338 _avolume
_2rdacarrier
505 0 _aEs bueno leer el Antiguo Testamento -- El ciclo de José -- La historia de Balaán -- Jueces 12, 5-7 -- el ciclo de Sansón -- Naamán. -El profeta Jonás -- Presentación de las miserias de Job -- Discusión de las miserias de Job -- El enigma del Israel veterotestamentario -- El relato bíblico de la creación -- Conocimiento de la naturaleza y del mundo en el Antiguo Testamento -- La realidad de Dios -- Origen del monoteísmo mosaico -- Historiografía teológica en el Antiguo Testamento -- Palabra de Dios e historia en el Antiguo Testamento -- Los caminos de Dios en la historia universal, según el testimonio de los profetas -- Sabiduría en Israel -- Hermano y prójimo en el Antiguo Testamento -- Expresiones del Antiguo Testamento sobre la vida y la muerte -- El salmo 90 -- La historia bíblica de José y su versión novelística por Thomas Mann -- Los diarios de Jochen Klepper -- Discurso de entrada en la Academia de las Ciencias de Heidelberg -- Meditación sobre sí mismo.
526 _aSEG42
526 _aSEG41
526 _aSEG40
526 _aSEG39
526 _aP94
526 _aP87
526 _aP86
526 _aP85
526 _aP77
526 _aP76
526 _aP35
541 _g006-35829;
630 _aBiblia.
_pA.T.
_xComentarios.
700 1 _aSteck, Odil Hannes,
_eeditor.
942 _2ddc
_cBOOK
949 _a222 R14
_wDEWEY
_c1
_i59027
_lCCODEBUL1
_mBUL
_p31.00
_r0
_sY
_tBOOK
_u2015-6-25
_xTEOLOGIA
_zUNKNOWN
_0COMPRA
_o.STAFF. Colección GTeología
994 _aC0
_bPEPRU
596 _a1
999 _a222 R14
_wDEWEY
_c47864
_i59027
_d47864
_e2019-5-29
_f2021-11-9
_g5
_lCCODEBUL1
_mBUL
_n2
_p31.00
_q1
_r0
_sY
_tBOOK
_u2015-6-25
_xTEOLOGIA
_PP35
_0COMPRA
_o.STAFF. Colección Teología
980 _81
_gALBERTO SANCHEZ Responsable de Automatización